[Event "CRO-chT1B 30th"]
[Site "Porec"]
[Date "2022.10.01"]
[Round "8.35"]
[White "Pecnik, Leo"]
[Black "Sekelja, Marko"]
[Result "1-0"]
[WhiteElo "2317"]
[BlackElo "2088"]
[PlyCount "119"]
[EventDate "2022.09.24"]
[EventType "team-tourn"]
[EventRounds "9"]
[EventCountry "CRO"]
[SourceTitle "CBM 210 Extra"]
[Source "ChessBase"]
[SourceDate "2022.11.30"]
[SourceVersion "1"]
[SourceVersionDate "2022.11.30"]
[SourceQuality "1"]
[WhiteTeam "Zagreb Mladost"]
[BlackTeam "Split Brda"]
[WhiteTeamCountry "CRO"]
[BlackTeamCountry "CRO"]

1. d4 d5 2. Bf4 Nf6 3. Nc3 c6 4. e3 Bf5 5. f3 e6 6. g4 Bg6 7. h4 h5 8. g5 Nfd7 9. Bd3 Bxd3 10. Qxd3 g6 11. 0-0-0 Qa5 12. e4 Na6 13. Kb1 0-0-0 14. Nge2 Nb4 15. Qd2 Nb6 16. b3 Bg7 17. Qc1 c5 18. e5 Nc6 19. Qe3 c4 20. Qf2 Bf8 21. Bc1 Bb4 22. Bb2 a6 23. Qe3 Na7 24. a4 Kb8 25. Na2 Nc6 26. Nxb4 Qxb4 27. Ka2 Qe7 28. Ba3 Qd7 29. Bc5 Nc8 30. Rb1 b6 31. Ba3 Na5 32. Bb4 cxb3+ 33. cxb3 Nc6 34. Ba3 N8e7 35. Qd3 Kb7 36. b4 Nf5 37. b5 Na5 38. bxa6+ Ka7 39. Rb5 Nc4 40. Rhb1 Rb8 41. Nc3 Qc6 42. Bb4 Rhc8 43. a5 Nxa5 44. Bxa5 bxa5 45. Rc5 Qd7 46. Nb5+ Ka8 47. Qc3 Rxc5 48. Qxc5 Rc8 49. Qb6 Rc4 50. a7 Qb7 51. Qxa5 Rc6 52. Qd8+ Rc8 53. Qa5 Rc6 54. Rb3 Nxd4 55. Qd8+ Rc8 56. Nc7+ Qxc7 57. Rb8+ Rxb8 58. Qxc7 Rb7 59. Qc8+ Kxa7 60. Qc5+ 1-0

[Event "CRO-chT1A 29th"]
[Site "Mali Losinj"]
[Date "2021.09.27"]
[Round "3.5"]
[White "Medak, Bojan"]
[Black "Pecnik, Leo"]
[Result "1/2-1/2"]
[WhiteElo "2361"]
[BlackElo "2346"]
[PlyCount "70"]
[EventDate "2021.09.25"]
[EventType "team-tourn"]
[EventRounds "9"]
[EventCountry "CRO"]
[SourceTitle "CBM 204 Extra"]
[Source "ChessBase"]
[SourceDate "2021.11.30"]
[SourceVersion "1"]
[SourceVersionDate "2021.11.30"]
[SourceQuality "1"]
[WhiteTeam "Osijek Ferit"]
[BlackTeam "Split Mornar"]
[WhiteTeamCountry "CRO"]
[BlackTeamCountry "CRO"]

1. Nf3 g6 2. e4 c5 3. c3 Bg7 4. d4 cxd4 5. cxd4 d5 6. e5 a6 7. h3 Nc6 8. Nc3 f6 9. Bf4 fxe5 10. Nxe5 Nxe5 11. Bxe5 Bxe5 12. dxe5 d4 13. Bc4 Bf5 14. Ne2 d3 15. Nc3 Qc7 16. Qa4+ Bd7 17. Qb3 Qxe5+ 18. Kf1 0-0-0 19. Re1 Qd4 20. Bd5 Bb5 21. Nxb5 Qxd5 22. Qc3+ Kb8 23. Qc7+ Ka8 24. Re5 Qd7 25. Qxd7 Rxd7 26. Nc3 Nf6 27. Ke1 b5 28. Kd2 Rc8 29. a3 Rc4 30. Rhe1 b4 31. axb4 Rxb4 32. Nd1 Rc4 33. Nc3 Rb4 34. Nd1 Rc4 35. Nc3 Rb4 1/2-1/2

[Event "CRO-chT1A 29th"]
[Site "Mali Losinj"]
[Date "2021.09.25"]
[Round "1.4"]
[White "Zelcic, Robert"]
[Black "Pecnik, Leo"]
[Result "1-0"]
[WhiteElo "2527"]
[BlackElo "2346"]
[PlyCount "93"]
[EventDate "2021.09.25"]
[EventType "team-tourn"]
[EventRounds "9"]
[EventCountry "CRO"]
[SourceTitle "CBM 204 Extra"]
[Source "ChessBase"]
[SourceDate "2021.11.30"]
[SourceVersion "1"]
[SourceVersionDate "2021.11.30"]
[SourceQuality "1"]
[WhiteTeam "Zagreb Zagreb"]
[BlackTeam "Split Mornar"]
[WhiteTeamCountry "CRO"]
[BlackTeamCountry "CRO"]

1. e4 g6 2. d4 Bg7 3. c3 d6 4. f4 Nf6 5. Bd3 0-0 6. Nf3 c5 7. dxc5 dxc5 8. e5 Ng4 9. 0-0 Nc6 10. Qe2 Nh6 11. Be3 Qc7 12. Kh1 Bg4 13. Nbd2 Rad8 14. h3 Bf5 15. Ne4 f6 16. Bc4+ Kh8 17. Nxc5 Na5 18. Be6 b6 19. Na6 Qb7 20. Bxf5 Nxf5 21. Bf2 Bh6 22. Nd4 Bxf4 23. Nxf5 gxf5 24. Bd4 Bxe5 25. Bxe5 fxe5 26. Qxe5+ Rf6 27. Qe2 Nc4 28. Qxc4 Rd2 29. Rf3 Rg6 30. Rg1 Rdxg2 31. Qd4+ Kg8 32. Rxg2 Qxf3 33. Qf2 Qxh3+ 34. Kg1 Qd3 35. Nb4 Qd1+ 36. Qf1 Rxg2+ 37. Kxg2 Qg4+ 38. Kf2 Qf4+ 39. Ke2 Qe4+ 40. Kd2 f4 41. Nd3 Qe3+ 42. Kc2 f3 43. Qf2 Qe4 44. Kd2 Kf8 45. b3 h5 46. Qe3 Qd5 47. Ke1 1-0

[Event "Zadar op-A 26th"]
[Site "Zadar"]
[Date "2019.12.21"]
[Round "8"]
[White "Dixit, Nikhil"]
[Black "Pecnik, Leo"]
[Result "1-0"]
[WhiteElo "2318"]
[BlackElo "2326"]
[PlyCount "95"]
[EventDate "2019.12.15"]
[EventType "swiss"]
[EventRounds "9"]
[EventCountry "CRO"]
[SourceTitle "CBM 193 Extra"]
[Source "ChessBase"]
[SourceDate "2020.01.31"]
[SourceVersion "1"]
[SourceVersionDate "2020.01.31"]
[SourceQuality "1"]

1. e4 c5 2. Nf3 Nc6 3. Bb5 e5 4. 0-0 Bd6 5. c3 Nge7 6. d4 cxd4 7. cxd4 exd4 8. Nxd4 a6 9. Be2 0-0 10. Nf3 Qc7 11. Nc3 Ne5 12. h3 Nxf3+ 13. Bxf3 Bh2+ 14. Kh1 Be5 15. Be3 d6 16. Rc1 Qd8 17. Na4 Be6 18. Nb6 Rb8 19. Nc4 Bxc4 20. Rxc4 Bxb2 21. Rc2 Ba3 22. Bg5 f6 23. Bf4 Qb6 24. Bg4 Rbd8 25. Be6+ Kh8 26. Qh5 Bc5 27. Bc1 Qb5 28. Rd1 Qe8 29. Qxe8 Rfxe8 30. Bf7 Rf8 31. Bb3 Nc6 32. Rcd2 g5 33. Bb2 Ne5 34. g3 Ng6 35. Kg2 h6 36. Rd5 Ne7 37. Rxc5 dxc5 38. Rxd8 Rxd8 39. Bxf6+ Kh7 40. Bxe7 Rc8 41. Be6 Rc6 42. Bd7 Rc7 43. Bf5+ Kg8 44. Bd8 Rc6 45. e5 c4 46. e6 Kf8 47. e7+ Ke8 48. Bg4 1-0

[Event "Zadar op-A 26th"]
[Site "Zadar"]
[Date "2019.12.16"]
[Round "3"]
[White "Pecnik, Leo"]
[Black "Galperin, Platon"]
[Result "1-0"]
[WhiteElo "2326"]
[BlackElo "2462"]
[PlyCount "73"]
[EventDate "2019.12.15"]
[EventType "swiss"]
[EventRounds "9"]
[EventCountry "CRO"]
[SourceTitle "CBM 193 Extra"]
[Source "ChessBase"]
[SourceDate "2020.01.31"]
[SourceVersion "1"]
[SourceVersionDate "2020.01.31"]
[SourceQuality "1"]

1. e4 g6 2. d4 d6 3. Nc3 Bg7 4. Nf3 Nf6 5. Be2 0-0 6. 0-0 a6 7. Re1 b5 8. e5 Ne8 9. a4 b4 10. Nd5 a5 11. Bg5 f6 12. Nxe7+ Kh8 13. exf6 Nxf6 14. Bd3 Bb7 15. Bxg6 Nc6 16. Nxc6 Bxc6 17. Be4 Bxe4 18. Rxe4 Qd7 19. Bxf6 Bxf6 20. Qd3 Rg8 21. g3 Raf8 22. Rf4 Qe8 23. Re1 Qxa4 24. Re6 Bd8 25. Rxf8 Rxf8 26. b3 Qd7 27. d5 Bf6 28. Kg2 a4 29. bxa4 Qxa4 30. Qf5 Bg7 31. Qe4 Bf6 32. c3 Qa2 33. cxb4 Qb3 34. Re8 Rxe8 35. Qxe8+ Kg7 36. Qd7+ Kg6 37. Qg4+ 1-0

[Event "St Petersburg Korchnoi Memorial op"]
[Site "St Petersburg"]
[Date "2019.08.21"]
[Round "8"]
[White "Gasanov, Eldar"]
[Black "Pecnik, Leo"]
[Result "1-0"]
[WhiteElo "2475"]
[BlackElo "2336"]
[PlyCount "143"]
[EventDate "2019.08.14"]
[EventType "swiss"]
[EventRounds "9"]
[EventCountry "RUS"]
[SourceTitle "CBM 192"]
[Source "ChessBase"]
[SourceDate "2019.10.31"]
[SourceVersion "1"]
[SourceVersionDate "2019.10.31"]
[SourceQuality "1"]

1. d4 Nf6 2. c4 g6 3. Nc3 Bg7 4. e4 d6 5. h3 0-0 6. Bg5 c5 7. d5 e6 8. Bd3 exd5 9. cxd5 h6 10. Be3 b5 11. Nxb5 c4 12. Bc2 Qa5+ 13. Nc3 Na6 14. Nge2 Rb8 15. Rb1 Nb4 16. 0-0 Bd7 17. Qd2 Rfe8 18. Nd4 Nh5 19. Bd1 Nf6 20. Bf3 Nd3 21. b3 Rbc8 22. Rfd1 Ne5 23. Be2 cxb3 24. Rxb3 Nc4 25. Bxc4 Rxc4 26. f3 Rec8 27. Ncb5 Qxd2 28. Rxd2 Nh5 29. Nxd6 Rc1+ 30. Kf2 Be5 31. Nxc8 Ng3 32. Bxh6 Bxc8 33. Ne2 Rf1+ 34. Ke3 Re1 35. f4 Nf1+ 36. Kf2 Nxd2 37. Kxe1 Nxb3 38. axb3 Bc7 39. Bg5 Bb7 40. Be7 f5 41. d6 Ba5+ 42. Kd1 Kf7 43. exf5 gxf5 44. g4 fxg4 45. hxg4 Bf3 46. g5 Bg4 47. f5 Bb4 48. f6 Ba5 49. d7 Bxd7 50. Nf4 Bg4+ 51. Kc1 Bf5 52. Bd6 Bb6 53. Kd2 Bd4 54. Nd3 a5 55. Bc7 Be6 56. Be5 Bb6 57. Kc3 Bf5 58. Bd4 Bc7 59. Be5 Bb6 60. Bf4 Ke6 61. Bd2 Bc7 62. Kc4 Kf7 63. Nc5 Bb6 64. Nb7 Bc7 65. Kb5 Kg6 66. Nxa5 Bd7+ 67. Nc6 Kf7 68. Kc5 Ke6 69. Nd4+ Ke5 70. f7 Bd6+ 71. Kc4 Ba3 72. Bb4 1-0

[Event "St Petersburg Korchnoi Memorial op"]
[Site "St Petersburg"]
[Date "2019.08.20"]
[Round "7"]
[White "Pecnik, Leo"]
[Black "Vlasenko, Miroslav"]
[Result "1/2-1/2"]
[WhiteElo "2336"]
[BlackElo "2419"]
[PlyCount "62"]
[EventDate "2019.08.14"]
[EventType "swiss"]
[EventRounds "9"]
[EventCountry "RUS"]
[SourceTitle "CBM 192"]
[Source "ChessBase"]
[SourceDate "2019.10.31"]
[SourceVersion "1"]
[SourceVersionDate "2019.10.31"]
[SourceQuality "1"]

1. e4 Nc6 2. Nf3 e6 3. d4 d5 4. e5 f6 5. Bb5 Bd7 6. c3 a6 7. Bd3 Nh6 8. Qc2 Qe7 9. Bxh7 0-0-0 10. Bg6 Nf5 11. b3 Be8 12. Bxf5 exf5 13. 0-0 Qf7 14. Qxf5+ Bd7 15. Qf4 Qh5 16. Qg3 Ne7 17. Re1 Nf5 18. Qh3 Qxh3 19. gxh3 Rxh3 20. Kg2 Rh7 21. Ba3 Bxa3 22. Nxa3 Rdh8 23. e6 Be8 24. Nc2 Nh4+ 25. Nxh4 Rxh4 26. h3 Bg6 27. Ne3 c6 28. c4 Rxh3 29. f3 Rh2+ 30. Kg1 R2h5 31. Kg2 Rh2+ 1/2-1/2

[Event "St Petersburg Korchnoi Memorial op"]
[Site "St Petersburg"]
[Date "2019.08.14"]
[Round "1"]
[White "Pecnik, Leo"]
[Black "Dushin, Nikolay"]
[Result "1-0"]
[WhiteElo "2336"]
[BlackElo "1890"]
[PlyCount "85"]
[EventDate "2019.08.14"]
[EventType "swiss"]
[EventRounds "9"]
[EventCountry "RUS"]
[SourceTitle "CBM 192"]
[Source "ChessBase"]
[SourceDate "2019.10.31"]
[SourceVersion "1"]
[SourceVersionDate "2019.10.31"]
[SourceQuality "1"]

1. e4 g6 2. d4 Bg7 3. Nc3 a6 4. f4 d5 5. Nxd5 e6 6. Nc3 Qxd4 7. Qxd4 Bxd4 8. e5 f5 9. exf6 Nxf6 10. Nf3 Bc5 11. Bd3 Nc6 12. Ne4 Nxe4 13. Bxe4 Bd7 14. Bd2 0-0-0 15. 0-0-0 Bd6 16. Rhe1 Rde8 17. g3 e5 18. Bxc6 Bxc6 19. Nxe5 Bxe5 20. Rxe5 Rxe5 21. fxe5 Re8 22. Bg5 Bd7 23. Bf6 Be6 24. Rd4 Bf7 25. a4 Be6 26. a5 Bf7 27. Kd2 Be6 28. Ke3 Rg8 29. b4 g5 30. c4 h6 31. b5 axb5 32. cxb5 Bd7 33. b6 cxb6 34. axb6 Re8 35. Rc4+ Bc6 36. Kd4 Kd7 37. Kc5 Ke6 38. Rd4 Rc8 39. Rd6+ Kf5 40. Bd8 Kxe5 41. Bc7 Kf5 42. Rxc6 h5 43. Rd6 1-0

[Event "Pula op 33rd"]
[Site "Pula"]
[Date "2019.06.29"]
[Round "9"]
[White "Bochnicka, Vladimir1111"]
[Black "Pecnik, Leo"]
[Result "1/2-1/2"]
[WhiteElo "2169"]
[BlackElo "2334"]
[PlyCount "79"]
[EventDate "2019.06.22"]
[EventType "swiss"]
[EventRounds "9"]
[EventCountry "CRO"]
[SourceTitle "CBM 191 Extra"]
[Source "ChessBase"]
[SourceDate "2019.09.30"]
[SourceVersion "1"]
[SourceVersionDate "2019.09.30"]
[SourceQuality "1"]

1. e4 d6 2. d4 Nf6 3. Nc3 e5 4. dxe5 dxe5 5. Qxd8+ Kxd8 6. Nf3 Bd6 7. Bc4 Be6 8. Bxe6 fxe6 9. 0-0 Ke7 10. Be3 Nc6 11. a3 h6 12. h3 g5 13. g4 Rag8 14. Kg2 Nh7 15. Rad1 Nf8 16. Ne2 Na5 17. Nd2 c5 18. c3 b5 19. b4 Nb7 20. Nb3 Nd7 21. Rd2 Rc8 22. Rfd1 Nb6 23. Rxd6 Nxd6 24. bxc5 Ndc4 25. cxb6 axb6 26. Bc1 Rcd8 27. Nd2 Rd3 28. Nxc4 Rxd1 29. Nxe5 Rc8 30. Be3 Re1 31. Nd4 Rxe3 32. fxe3 Rxc3 33. Kf3 Kf6 34. Nd7+ Ke7 35. Ne5 Rxa3 36. Nxb5 Ra1 37. Nc6+ Kd7 38. Ne5+ Ke7 39. Nc6+ Kd7 40. Ne5+ 1/2-1/2

[Event "Pula op 33rd"]
[Site "Pula"]
[Date "2019.06.24"]
[Round "3"]
[White "Urh, Zala"]
[Black "Pecnik, Leo"]
[Result "0-1"]
[WhiteElo "2127"]
[BlackElo "2334"]
[PlyCount "80"]
[EventDate "2019.06.22"]
[EventType "swiss"]
[EventRounds "9"]
[EventCountry "CRO"]
[SourceTitle "CBM 191 Extra"]
[Source "ChessBase"]
[SourceDate "2019.09.30"]
[SourceVersion "1"]
[SourceVersionDate "2019.09.30"]
[SourceQuality "1"]

1. d4 d5 2. c4 dxc4 3. e4 e5 4. Nf3 exd4 5. Bxc4 Nc6 6. 0-0 Be6 7. Bb5 Bc5 8. b4 Bb6 9. a4 a6 10. Bxc6+ bxc6 11. Bb2 Qd6 12. Qd2 Rd8 13. Qg5 Ne7 14. e5 Qd5 15. Nbd2 Nf5 16. h4 0-0 17. Rfe1 h6 18. Qf4 c5 19. Ne4 Qb3 20. Bc1 cxb4 21. h5 Kh8 22. g4 Ne7 23. g5 Nf5 24. gxh6 Nxh6 25. Kh2 Ng4+ 26. Kg2 Qd5 27. Rh1 Nh6 28. Rg1 Bg4 29. Nh4 Rde8 30. f3 Bc8 31. Nf6 Qxe5 32. Nxe8 Rxe8 33. Ra2 Qe6 34. Qg3 Qf6 35. Bg5 Qe6 36. Raa1 Nf5 37. Nxf5 Qxf5 38. Rae1 Re6 39. Kh2 d3 40. Rxe6 Bxg1+ 0-1

[Event "Split op 8th"]
[Site "Split"]
[Date "2018.08.15"]
[Round "5"]
[White "Saric, Ante"]
[Black "Pecnik, Leo"]
[Result "1-0"]
[WhiteElo "2539"]
[BlackElo "2320"]
[PlyCount "83"]
[EventDate "2018.08.12"]
[EventType "swiss"]
[EventRounds "9"]
[EventCountry "CRO"]
[SourceTitle "CBM 186 Extra"]
[Source "ChessBase"]
[SourceDate "2018.08.24"]
[SourceVersion "1"]
[SourceVersionDate "2018.08.24"]
[SourceQuality "1"]

1. d4 Nf6 2. Nf3 g6 3. c4 Bg7 4. g3 0-0 5. Bg2 d6 6. 0-0 Nbd7 7. Nc3 e5 8. e4 c6 9. h3 Qb6 10. Re1 exd4 11. Nxd4 Ne8 12. Nb3 a5 13. Be3 Qb4 14. Nd4 a4 15. a3 Qa5 16. Qe2 Nc5 17. Rad1 Nf6 18. Nc2 Re8 19. f3 Nfd7 20. Nb4 h5 21. Bf2 h4 22. gxh4 Be5 23. h5 Ne6 24. hxg6 Nf4 25. Qe3 Qd8 26. Nd3 Qg5 27. Nxf4 Bxf4 28. h4 Qh6 29. Qd4 Re6 30. gxf7+ Kxf7 31. Ne2 Rg6 32. Nxf4 Qxf4 33. Qe3 Qf6 34. f4 Qg7 35. Qf3 Nf6 36. f5 Rg4 37. Rxd6 Bxf5 38. e5 Rg8 39. Rxf6+ Ke8 40. Rxf5 Rxg2+ 41. Kf1 Rg1+ 42. Ke2 1-0

[Event "Sarajevo Bosna op 48th"]
[Site "Sarajevo"]
[Date "2018.05.08"]
[Round "5"]
[White "Pecnik, Leo"]
[Black "Alaz, Ahmet Efekan"]
[Result "1/2-1/2"]
[WhiteElo "2299"]
[BlackElo "2072"]
[PlyCount "138"]
[EventDate "2018.05.05"]
[EventType "swiss"]
[EventRounds "9"]
[EventCountry "BIH"]
[SourceTitle "CBM 184 Extra"]
[Source "ChessBase"]
[SourceDate "2018.06.28"]
[SourceVersion "1"]
[SourceVersionDate "2018.06.28"]
[SourceQuality "1"]

1. e4 e6 2. d3 d5 3. Nd2 Nf6 4. Ngf3 c5 5. g3 Nc6 6. Bg2 Be7 7. 0-0 0-0 8. e5 Nd7 9. Re1 Re8 10. Nf1 f6 11. exf6 Bxf6 12. h4 e5 13. Ng5 Nf8 14. Ne3 Ne7 15. Qh5 Bxg5 16. Qxg5 Qd6 17. c4 Be6 18. cxd5 Bxd5 19. Bxd5+ Nxd5 20. Qxg7+ Kxg7 21. Nf5+ Kg6 22. Nxd6 Re7 23. Bg5 Re6 24. Nxb7 Nd7 25. Na5 Nb4 26. Red1 Ra6 27. Nc4 Nc2 28. Rac1 Nd4 29. Kg2 Rxa2 30. Ra1 Rxa1 31. Rxa1 a6 32. Be3 Nc2 33. Ra5 Ne1+ 34. Kf1 Nxd3 35. Ke2 Nb4 36. g4 Kf6 37. Nd6 Nc6 38. Ne4+ Kf7 39. Ra3 Rb8 40. Rxa6 Rxb2+ 41. Kf3 Nd4+ 42. Kg2 Ne6 43. Ra7 Ke8 44. g5 Rb6 45. Kf3 Nd4+ 46. Kg4 c4 47. Rc7 Rc6 48. Rxc6 Nxc6 49. Nd6+ Ke7 50. Nxc4 Ke6 51. h5 Ne7 52. Bc1 Nd5 53. Bb2 Nb4 54. Bc1 Nd3 55. Be3 Kd5 56. Nb6+ Nxb6 57. Bxb6 Ke6 58. f3 Nf4 59. Be3 Nd5 60. Bd2 Ne7 61. g6 hxg6 62. h6 Nd5 63. Bc3 Kf7 64. Bxe5 Kg8 65. Bf4 Kh7 66. Bg5 Nc7 67. f4 Ne6 68. Kf3 Nd4+ 69. Ke4 Nf5 1/2-1/2

[Event "Zadar op-A 24th"]
[Site "Zadar"]
[Date "2017.12.14"]
[Round "7"]
[White "Tanriverdi, Enes"]
[Black "Pecnik, Leo"]
[Result "0-1"]
[WhiteElo "2194"]
[BlackElo "2333"]
[PlyCount "42"]
[EventDate "2017.12.09"]
[EventType "swiss"]
[EventRounds "9"]
[EventCountry "CRO"]
[SourceTitle "CBM 182 Extra"]
[Source "ChessBase"]
[SourceDate "2018.02.23"]
[SourceVersion "1"]
[SourceVersionDate "2018.02.23"]
[SourceQuality "1"]

1. d4 Nf6 2. c4 e5 3. dxe5 Ne4 4. Nd2 Bb4 5. a3 Bxd2+ 6. Bxd2 Nxd2 7. Qxd2 0-0 8. Nf3 Nc6 9. Qc3 Qe7 10. Rd1 Re8 11. Rd5 b6 12. e3 Bb7 13. Be2 Nd8 14. Rd2 Ne6 15. h4 a5 16. b4 axb4 17. axb4 Ra4 18. 0-0 Bxf3 19. gxf3 Qxh4 20. Rxd7 Nf4 21. exf4 Re6 0-1

[Event "Zadar op-A 24th"]
[Site "Zadar"]
[Date "2017.12.11"]
[Round "4"]
[White "Pecnik, Leo"]
[Black "Sutkovic, Damir"]
[Result "1/2-1/2"]
[WhiteElo "2333"]
[BlackElo "2389"]
[PlyCount "111"]
[EventDate "2017.12.09"]
[EventType "swiss"]
[EventRounds "9"]
[EventCountry "CRO"]
[SourceTitle "CBM 182 Extra"]
[Source "ChessBase"]
[SourceDate "2018.02.23"]
[SourceVersion "1"]
[SourceVersionDate "2018.02.23"]
[SourceQuality "1"]

1. e4 g6 2. d4 Bg7 3. Nc3 d6 4. f4 a6 5. Nf3 b5 6. Bd3 Nd7 7. e5 e6 8. 0-0 Bb7 9. a4 b4 10. Ne4 Bxe4 11. Bxe4 d5 12. Bd3 Ne7 13. Bd2 c5 14. dxc5 Nc6 15. Kh1 Nxc5 16. Be3 Qa5 17. Qe2 Nxd3 18. cxd3 0-0 19. Qf2 Qc7 20. Rfc1 Rfc8 21. Nd4 Qd7 22. Nb3 Bf8 23. Rc2 d4 24. Bd2 Qd5 25. Rc4 Ne7 26. Rac1 Rxc4 27. dxc4 Qd7 28. Nc5 Qc6 29. Qxd4 Rc8 30. Ne4 Nf5 31. Qd3 Be7 32. c5 Qxa4 33. Qc4 Qc6 34. Bxb4 Rd8 35. Nd6 Nh4 36. Qf1 Rb8 37. Be1 Rxb2 38. Bxh4 Bxh4 39. Qf3 Qxc5 40. Rd1 Qf2 41. Qa8+ Kg7 42. Ne8+ Kh6 43. Nf6 Bxf6 44. exf6 Re2 45. Rg1 Qxf4 46. Qf8+ Kg5 47. Qxf7 Qe3 48. h4+ Kxh4 49. Qxh7+ Kg5 50. f7 Re1 51. Rxe1 Qxe1+ 52. Kh2 Qe5+ 53. Kh1 Qe1+ 54. Kh2 Qe5+ 55. Kh1 Qe1+ 56. Kh2 1/2-1/2

[Event "Portoroz op 11th"]
[Site "Portoroz"]
[Date "2017.07.28"]
[Round "8"]
[White "Pecnik, Leo"]
[Black "Adrian, Claude"]
[Result "1/2-1/2"]
[WhiteElo "2344"]
[BlackElo "2246"]
[PlyCount "32"]
[EventDate "2017.07.22"]
[EventType "swiss"]
[EventRounds "9"]
[EventCountry "SLO"]
[SourceTitle "EXT 2018"]
[Source "ChessBase"]
[SourceDate "2017.10.13"]
[SourceVersion "1"]
[SourceVersionDate "2017.10.13"]
[SourceQuality "1"]

1. d4 d5 2. Nf3 Nc6 3. e3 Bg4 4. Be2 e6 5. 0-0 Nf6 6. b3 Bd6 7. Bb2 Ne7 8. Nbd2 0-0 9. c4 c6 10. h3 Bxf3 11. Bxf3 Ng6 12. g3 Qe7 13. e4 dxe4 14. Nxe4 Nxe4 15. Bxe4 Ba3 16. Bc3 Bb4 1/2-1/2

[Event "Portoroz op 11th"]
[Site "Portoroz"]
[Date "2017.07.23"]
[Round "2"]
[White "Pecnik, Leo"]
[Black "Logar, Metod"]
[Result "1-0"]
[WhiteElo "2344"]
[BlackElo "2024"]
[PlyCount "83"]
[EventDate "2017.07.22"]
[EventType "swiss"]
[EventRounds "9"]
[EventCountry "SLO"]
[SourceTitle "EXT 2018"]
[Source "ChessBase"]
[SourceDate "2017.10.13"]
[SourceVersion "1"]
[SourceVersionDate "2017.10.13"]
[SourceQuality "1"]

1. d4 Nf6 2. Bg5 e6 3. Nd2 c5 4. e3 Nc6 5. c3 Be7 6. Bd3 b6 7. Ngf3 Bb7 8. 0-0 0-0 9. Qa4 cxd4 10. exd4 Nd5 11. Bxe7 Qxe7 12. Rfe1 Nf4 13. Ba6 Bxa6 14. Qxa6 d5 15. g3 Ng6 16. h4 Qf6 17. Qe2 Rfd8 18. Nf1 Rac8 19. Kg2 Na5 20. h5 Nf8 21. Ne3 Nc4 22. Nxc4 Rxc4 23. Ne5 Rc7 24. Qg4 Nd7 25. Nd3 Rc4 26. Nf4 Nf8 27. Re3 h6 28. Nd3 Nd7 29. f4 b5 30. Rf1 Kf8 31. Ne5 Nxe5 32. fxe5 Qg5 33. Qxe6 Qe7 34. Rxf7+ Qxf7 35. Rf3 Qxf3+ 36. Kxf3 b4 37. Qg6 bxc3 38. e6 Rc7 39. bxc3 Rxc3+ 40. Kf4 Rc7 41. Qh7 Ke7 42. Ke5 1-0

[Event "Portoroz op 11th"]
[Site "Portoroz"]
[Date "2017.07.23"]
[Round "3"]
[White "Subelj, Jan"]
[Black "Pecnik, Leo"]
[Result "0-1"]
[WhiteElo "2136"]
[BlackElo "2344"]
[PlyCount "60"]
[EventDate "2017.07.22"]
[EventType "swiss"]
[EventRounds "9"]
[EventCountry "SLO"]
[SourceTitle "EXT 2018"]
[Source "ChessBase"]
[SourceDate "2017.10.13"]
[SourceVersion "1"]
[SourceVersionDate "2017.10.13"]
[SourceQuality "1"]

1. e4 c5 2. Nf3 Nc6 3. Bb5 d6 4. 0-0 Bd7 5. c3 Nf6 6. Re1 a6 7. Bf1 Bg4 8. d3 e6 9. h3 Bh5 10. b3 Be7 11. Bb2 0-0 12. Nbd2 d5 13. Qc2 Rc8 14. Rad1 b5 15. g4 Bg6 16. Nh4 Nd7 17. Nxg6 fxg6 18. exd5 exd5 19. Bg2 Nde5 20. Re2 Bg5 21. Rde1 Bf4 22. Nf3 Nxf3+ 23. Bxf3 Bb8 24. Bg2 Qd6 25. Kf1 Kh8 26. d4 cxd4 27. cxd4 h5 28. Re6 Qf4 29. Qe2 Nxd4 30. Qe3 Nxe6 0-1

[Event "Bled op"]
[Site "Bled"]
[Date "2017.03.12"]
[Round "5"]
[White "Jovic, Stevan"]
[Black "Pecnik, Leo"]
[Result "0-1"]
[WhiteElo "2175"]
[BlackElo "2340"]
[PlyCount "52"]
[EventDate "2017.03.10"]
[EventType "swiss"]
[EventRounds "5"]
[EventCountry "SLO"]
[SourceTitle "EXT 2019"]
[Source "ChessBase"]
[SourceDate "2018.10.10"]
[SourceVersion "1"]
[SourceVersionDate "2018.10.10"]
[SourceQuality "1"]

1. d4 d6 2. Nf3 Bg4 3. e4 Nf6 4. h3 Bh5 5. Bd3 e6 6. c4 Be7 7. Nc3 0-0 8. g4 Bg6 9. Nh4 Nfd7 10. Nxg6 fxg6 11. 0-0 e5 12. dxe5 dxe5 13. Nd5 Bc5 14. b4 Bd4 15. Rb1 Qh4 16. Be3 Qxh3 17. Bxd4 Rf3 18. Ne3 exd4 19. Be2 Ne5 20. Qxd4 Nbc6 21. Qd5+ Kh8 22. Rfe1 Raf8 23. Bf1 Rg3+ 24. Bg2 Rxg2+ 25. Nxg2 Nf3+ 26. Kf1 Ncd4 0-1

[Event "Bled op"]
[Site "Bled"]
[Date "2017.03.11"]
[Round "3"]
[White "Papler, Peter"]
[Black "Pecnik, Leo"]
[Result "0-1"]
[WhiteElo "1657"]
[BlackElo "2340"]
[PlyCount "56"]
[EventDate "2017.03.10"]
[EventType "swiss"]
[EventRounds "5"]
[EventCountry "SLO"]
[SourceTitle "EXT 2019"]
[Source "ChessBase"]
[SourceDate "2018.10.10"]
[SourceVersion "1"]
[SourceVersionDate "2018.10.10"]
[SourceQuality "1"]

1. d4 Nf6 2. Nf3 g6 3. c3 Bg7 4. Nbd2 0-0 5. e4 d6 6. Bd3 c5 7. 0-0 Re8 8. Qe2 e5 9. d5 Nh5 10. Nc4 f5 11. Qc2 b5 12. Bg5 Bf6 13. Bxf6 Qxf6 14. Ncd2 c4 15. Be2 Nf4 16. Rae1 Nd7 17. g3 Nxe2+ 18. Rxe2 Nc5 19. Nh4 f4 20. f3 Qg5 21. Kg2 Nd3 22. Kh1 fxg3 23. Ng2 Qh6 24. h4 Bh3 25. Nb1 Nf4 26. Rd2 Bxg2+ 27. Rxg2 Qxh4+ 28. Kg1 Nh3+ 0-1

[Event "Pardubice Czech op-A 27th"]
[Site "Pardubice"]
[Date "2016.07.28"]
[Round "7"]
[White "Gergel, Vladimir P"]
[Black "Pecnik, Leo"]
[Result "0-1"]
[WhiteElo "2192"]
[BlackElo "2334"]
[PlyCount "44"]
[EventDate "2016.07.22"]
[EventType "swiss"]
[EventRounds "9"]
[EventCountry "CZE"]
[SourceTitle "CBM 173 Extra"]
[Source "ChessBase"]
[SourceDate "2016.08.29"]
[SourceVersion "1"]
[SourceVersionDate "2016.08.29"]
[SourceQuality "1"]

1. d4 Nf6 2. Bf4 g6 3. e3 d6 4. Be2 Bg7 5. Nd2 0-0 6. g4 e5 7. Bg3 exd4 8. exd4 Re8 9. Kf1 Bd7 10. h3 c5 11. dxc5 dxc5 12. Bf3 Nc6 13. c3 Ne5 14. Bxe5 Rxe5 15. Kg2 Nd5 16. Nc4 Nf4+ 17. Kg3 Re6 18. Bxb7 Rb8 19. Bd5 Nxd5 20. Qxd5 Qc7+ 21. f4 Bc6 22. Qxc5 Rb5 0-1